00499nam a2200157Ia 4500100002500000650001400025942000700039654004100046245004300087260003300130082001700163300000800180546001200188999001700200952012400217 aCoughanowr Donald R  aChemistry cBK aProcess systems analysis and control aProcess Systems Analysis and Control bMc Graw HillaNew Yorkc1991 a660.028bPAN a566 aENGLISH c28028d28028 001040708CRCaCRCEbCRCEd2023-03-17eglobal booksg229.80l0o660.028 PANp7158r2023-03-17v229.80w2023-03-17yBK